Quizzes
Events
Quiz Creation
Community
Videos
Private Events
Remove Ads
Sign In
Join for FREE
Feedback
Dark Mode
Quiz Categories
Sports
Geography
Music
Movies
Television
Just For Fun
Miscellaneous
History
Literature
Language
Science
Gaming
Entertainment
Religion
Holiday
For Kids
Quiz Lab
Recent
Popular Today
Quiz Kudos Today
Editor Picks
Curator Picks
Quizzes by...
Day
Popularity
Type
Ratings
Length
Year
Community
Subscriptions
Recent Discussions
Orange Saloon
Badges
Playlists
Quests
Create
Leaderboards
Showdown
Live 5
Trivia Bingo
Activity
Puzzle Library
Sporcle Events
Private Events
Virtual Trivia
Globe League
Become a Host
Pub Owners
SporcleCon
Opinionation
Our Games
Videos
Blog
Mobile Apps
Partnerships
Remove Ads and Go Orange
Feedback
Geography
Country
Landmarks
City
State
Population
World
Capital
Continent
Flags
Europe
Africa
Asia
South America
North America
Oceania
Border
Canada
United Kingdom
Topography
United States
Geography
Country
Landmarks
City
State
Population
World
Capital
Continent
Flags
Europe
Africa
Asia
South America
North America
Oceania
Border
Canada
United Kingdom
Topography
United States
Random Quiz
Search Sporcle
×
Quiz Lab
Quiz Lab
Geography
Topography
Type in answers that appear in a list
Type in answers that appear in a list
Classic
Best Score? Go Orange.
The Lake District Stats
Can you name the major rivers, towns, fells and lakes found in the Lake District?
By
JANOF9
10m
48 Questions
986 Plays
986 Plays
986 Plays
Comments
Comments
Give Quiz Kudos
Give Quiz Kudos
-
- Ratings
hide this ad
Replay
Link that replays current quiz
Next Quiz
Link to next quiz in quiz playlist
You Got
0%
They Got
Avg Score
48%
Avg Friend Score
Upgrade to see
Score Distribution
Jump to the score distribution portion of the page
Score
0/48
Timer
10:00
0
Plays Today
Feature
% Correct
Windermere
97%
Windermere
97%
Derwent
87.6%
Scafell
80.1%
Derwentwater
79.1%
Grasmere
78.3%
Scafell Pike
74.4%
Ullswater
73.2%
Keswick
73.2%
Coniston Water
72.4%
Thirlmere
70.6%
Ambleside
69.3%
Wastwater
68.5%
Cocker
66.6%
Skiddaw
65.5%
Buttermere
64.5%
Cockermouth
62%
Bassenthwaite Lake
61.2%
Kendal
54.7%
Great Gable
54.6%
Haweswater
54.5%
Crummock Water
53.6%
Honister
51.2%
Kirkstone
50.8%
Feature
% Correct
Rydal Water
50.6%
Hardknott
49.8%
Wrynose
48.9%
Hellvellyn
44%
Loweswater
42.1%
Bowfell
42.1%
Esk
40.7%
Great End
34%
Pillar
33.7%
Ennerdale Water
33.2%
Whinlatter
31.2%
Kent
27.8%
Lune
25.1%
Dunmail Raise
23.1%
Nethermost Pike
19.6%
Greta
19.4%
Duddon
18.3%
Catstycam
17.6%
Rothay
16%
Brathay
14.7%
Leven
9.6%
Eamont
7.9%
Troutbeck
6.5%
Crake
3.7%
Quiz Playlist
Details
Report
Send in Message
Add To Playlist
Classic:
Type in answers that appear in a list
Quiz Source
Last Updated: Feb 16, 2017
Quiz Scoreboard
CHALLENGE
Sign Up to Join the Scoreboard
Show All
Scores
Hide
Comments
May contain spoilers
Recently Published
An Introduction to Baseball
by treessimontrees
Sports
5m
Movies - When Are They Set?
by FPL_Elf
Movies
5m
Popular People in 1961
by mucciniale
History
6m
More to Explore
Quiz From the Vault
Featured Blog Post
Where Did the Easter Bunny Come From?
hide this ad
You Might Also Like...
Tags
Topography Quiz
district
feature
fell
found
lake
Lake District
major
River
Town
Today's Top Quizzes in Geography
Browse Geography
hide this ad
Today's Top Quizzes in Topography
Browse Topography
Top Contributed Quizzes in Geography
1
Countries of the World - No Outlines Minefield
2
Top 25 Cities of France on a map
3
Closest Countries to UK A-Z
4
Any capital of a 'B' country per Continent
5
One Thing in Common: United Kingdom
6
Find the Provinces of Canada - No Outlines Minefield
7
Any capital of a 'C' country per Continent
8
Blind Secret Country CLXXXVIII
9
Find the US States - No Outlines
10
Any capital of a 'D' country per Continent
Explore More
Trending Topics
Marvel
NBA
Anime
Kpop
Harry Potter
Disney
Crossword
WWE
NFL
Pokémon
Song
Soccer
The Office
Puzzle
Country
hide this ad
More By:
JANOF9
Quiz
Plays
Rating
Category
Featured
Created
The Lake District
986
4.50
Geography
Nov 26, 2009
Wisden Cricketers of the Year 2000 onwards
963
4.00
Sports
Dec 23, 2009
England Test Cricketers since 2000
802
5.00
Sports
Nov 20, 2009
Related Test Cricketers (not siblings)
276
Sports
Dec 20, 2009
Cricketing Initials
272
4.00
Sports
May 29, 2010
Go to Creator's Profile
Score Distribution
Quiz Creator Spotlight
JANOF9
Follow
Send a Message
Quizzes Created
-
Created Quiz Play Count
-
More By This Creator
Popular Quizzes Today
1
Find the Countries of Europe - No Outlines Minefield
2
Find the US States - No Outlines Minefield
3
The Countries of the World
4
Popular People in 1961
5
US States
6
Find the US States
7
1-10 Letter E Words III
8
Risky Map Clicking: Biggest States A-Z
More Geography Quizzes
'A' US Cities
Published
Trending Quizzes
Risky Map Clicking: Least Populous States A-Z
1-10 Letter F Words
1-10 Letter G Words
One Thing in Common: United Kingdom
Risky Map Clicking: Next State Alphabetically
Recently Updated
Leaping Animals
pecheneg
Reality TV Shows (A-Z)
bhenderson79
Rickey Henderson's Hall of Fame Teammates
pecheneg
Champions League XIs: Arsenal
pecheneg
Quick Pick: Celebrities in WWE's Hall of Fame
aduchscher
A-Z Keypad Blitz II
pecheneg
Multiple Oscar Actors
pecheneg
Mystery Phrase Blitz: Oscar 'Best Actors'
pecheneg
F. Scott Fitzgerald Novels
LTH
Pick 3 Villains
ddd62291
Trending Topics
Kpop
Disney
Harry Potter
Anime
Crossword
NBA
Marvel
NFL
Pokémon
Soccer
Country
WWE
The Office
Puzzle
Song
Your Account Isn't Verified!
In order to create a playlist on Sporcle, you need to verify the email address you used during registration. Go to your
Sporcle Settings
to finish the process.
Report this User
Report this user for behavior that violates our
Community Guidelines
.
Details:
Send Report
Go to the Sporcle.com Mobile Site →
Comments